| 000 | 01059nam a2200265Ia 4500 | ||
|---|---|---|---|
| 003 | OSt | ||
| 005 | 20221005111848.0 | ||
| 006 | a|||||r|||| 00| 0 | ||
| 007 | ta | ||
| 008 | 221004b |||||||| |||| 00| 0 hin d | ||
| 020 |
_a9789387199262 (hbk) _cINR 500.00 |
||
| 024 | _a65997 | ||
| 037 |
_b285, 22/01/2020, Eastern Book Linkers _cTextual |
||
| 040 |
_aCRL _cCRL _bhin |
||
| 041 |
_2hin _ahin |
||
| 082 | _aV237,1.A, 152Q8 | ||
| 100 | _aहर्षनाथ सिंह, ले. | ||
| 245 | 0 |
_aनिकुंभ राजवंश का इतिहास _b एक शोधात्मक ग्रंथ |
|
| 246 | _aNikuanbha rājavansha kā itihāsa: ek shodhātmak grantha | ||
| 260 |
_aवाराणसी _bकला प्रकाशन भारत _c2018 |
||
| 300 |
_a158पृ0 _ccm. |
||
| 650 |
_aराजस्थान इतिहास _9160824 |
||
| 942 |
_hV237,1.A, 152Q8 _cTEXL _2cc |
||
| 999 |
_c1023119 _d1023119 |
||